000 00617nam a2200217Ia 4500
003 OSt
005 20221007064626.0
006 a|||||r|||| 00| 0
007 ta
008 221006b |||||||| |||| 00| 0 eng d
024 _a3,087
037 _cReference Collections
040 _aFLL
_cFLL
_beng
041 _2eng
_aeng
082 _aZ2,166, M6
100 _aMadholia Matadin Au.
_9686054
245 0 _aProvincial insolvency act, 1920
260 _aDelhi
_bKamlesh Publications India
_c1986
942 _hZ2,166, M6
_cREF
_2CC
999 _c1134744
_d1134744